Statistics for April Fools' Quiz #3

Click here to take the quiz!

General Stats

  • This quiz has been taken 27,105 times
    (15,836 since last reset)
  • The average score is 13 of 20

Answer Stats

QuestionAnswer% Correct
What is the Japanese word for "raw fish"?Sushi
97%
What is the largest dessert on Earth?Sahara
89%
Who had trouble funding his naval voyages, because people thought the world was flat?Christopher Columbus
86%
What is the term for food that is grown without the use of pesticides?Organic
82%
What is the only bear native to Australia?Koala Bear
80%
Who invented the automobile and the assembly line?Henry Ford
78%
What disease can be caused by cracking one's knuckles?Arthritis
75%
What country's national anthem is "Edelweiss"?Austria
71%
What major country has never won a war without the help of military allies?France
66%
Who said "let them eat cake"?Marie Antoinette
66%
What type of breast implant causes cancer?Silicon
65%
Who fiddled while Rome burned?Nero
59%
What food, often associated with weddings, will cause birds to explode if they eat it?Rice
59%
On what day of the year does Mexico celebrate its independence?May 5th
55%
What chemical, commonly found in Chinese food, causes
headaches, sweating, and nausea?
MSG
51%
What common household object will double in weight after 8 years?
(Due to dead skin and dust mites)
Mattress
49%
According to the Quran, how many virgins will be given to Islamic martyrs?72
35%
What U.S. government agency invented velcro?NASA
35%
What rock band refers to themselves as "Knights in Satan's Service"?KISS
34%
What grammatical error is the phrase "to boldly go" an example of?{Split} Infinitive
31%

Score Distribution

Percentile by Number Answered

Percent of People with Each Score

Your Score History

You have not taken this quiz since the last reset